000 00324pab a2200133 454500
008 180718b1988 xxu||||| |||| 00| 0 eng d
245 _aSpecial issue on Indian women
_bTensions and conflicts
260 _c1988
300 _a3-101
362 _aSept.
650 _aWomen - India
773 _aSocial Change
909 _a21245
999 _c21245
_d21245